|
|
|
|
| LEADER |
00000nam a2200000 a 4500 |
| 005 |
2013122403503.0 |
| 007 |
cr|||| |||| |
| 008 |
131108s2013 sp 000 0 spa c |
| 020 |
|
|
|a 9788494143519
|
| 035 |
|
|
|a 11719
|
| 040 |
|
|
|d vLex
|
| 080 |
|
|
|a 342.7(460)
|
| 090 |
|
|
|c 4652
|d 4652
|
| 100 |
1 |
|
|a Dot ︢i Guri, Maria del Mar
|
| 245 |
1 |
4 |
|a Los Derechos fundamentales
|h [Recurso electrn̤ico] :
|b derecho a la libertad frente a las medidas cautelares penales /
|c Mara̕ del Mar Dot ︢I Guri
|
| 256 |
|
|
|a Servicio en ln̕ea
|
| 260 |
|
|
|a Barcelona :
|b JM Bosch,
|c 2013
|
| 300 |
|
|
|a 1 recurso electrn̤ico
|
| 506 |
1 |
|
|a Contenido solo disponible en los productos indicados
|d vLex Global
|d vLex Global (Academic Edition, excluding Law Schools)
|d vLex Global (U.S. Academic Edition, Law Schools)
|d vLex Global (U.S. Academic Edition, excluding Law Schools)
|d vLex Global (Academic Edition, Law Schools)
|
| 650 |
|
4 |
|a Derechos fundamentales
|
| 650 |
|
4 |
|a Derechos civiles
|z Espaą
|
| 650 |
|
4 |
|a Medidas cautelares
|z Espaą
|
| 740 |
0 |
|
|a vLex Libros (Servicio en ln̕ea)
|
| 830 |
|
0 |
|a Tratados, manuales y textos legales
|
| 856 |
4 |
0 |
|u http://vlex.com/source/derechos-fundamentales-11719
|z Acceso restringido
|
| 942 |
|
|
|c BOOK
|
| 999 |
0 |
|
|a Civil rights
|
| 999 |
0 |
|
|a Preventive law
|